000 00660nam a22002057a 4500
003 UA-OsUOA
001 39481
007 ta
008 20080423b un ||||| |||| 00| 0 ukr d
090 _a050
_bЮ14
942 _cMG
040 _aUA-OsUOA
_bukr
_cUA-OsUOA
_dUA-OsUOA
245 _aЮвілейна книга "Нового шляху" (1930 - 1955)
955 _a4
041 _aukr
080 _a050
260 _aВінніпег; Торонто
650 7 _a050 Серійні публікації. Періодика галузі, Організація та інші типи поєднання (співробітництва)
_2UDC
999 _c437989
_d437989